Normal view
MARC view
- Atteridge, Andrew Hilliard, [from old catalog]
Entry Personal Name
001 - CONTROL NUMBER
- control field: 49724
003 - CONTROL NUMBER IDENTIFIER
- control field: NUST
005 - DATE AND TIME OF LATEST TRANSACTION
- control field: 20210314134425.0
008 - FIXED-LENGTH DATA ELEMENTS
- fixed length control field: 210314|| aca||aabn | a|a d
040 ## - CATALOGING SOURCE
- Original cataloging agency: NUST
- Transcribing agency: NUST
100 ## - HEADING--PERSONAL NAME
- Personal name: Atteridge, Andrew Hilliard, [from old catalog]
670 ## - SOURCE DATA FOUND
- Source citation: Work cat.: (NUST): Longstaff, Frederick Victor. [from old catalog] 49722, The book of the machine gun,, 1917.
